1977至今历届中央政治局常委 the Political Bureau Standing Committee Member 1977~ - Statistics

General Stats
  • This quiz has been taken 1 128 times
  • The average score is 50 of 75
Answer Stats
届数 常委 % Correct
17 习近平
99%
18 习近平
99%
19 习近平
99%
20 习近平
99%
14 胡锦涛
97%
15 胡锦涛
97%
16 胡锦涛
97%
17 胡锦涛
97%
13 江泽民
96%
14 江泽民
96%
15 江泽民
96%
17 李克强
96%
18 李克强
96%
19 李克强
96%
11 邓小平
95%
12 邓小平
95%
20 李强
95%
16 温家宝
91%
17 温家宝
91%
11 赵紫阳
84%
12 赵紫阳
84%
13 赵紫阳
84%
11 华国锋
83%
14 朱镕基
80%
15 朱镕基
80%
19 王沪宁
80%
20 王沪宁
80%
11 胡耀邦
77%
12 胡耀邦
77%
13 李鹏
77%
14 李鹏
77%
15 李鹏
77%
19 赵乐际
72%
20 赵乐际
72%
19 栗战书
69%
20 蔡奇
69%
19 汪洋
68%
11 叶剑英
67%
12 叶剑英
67%
18 王岐山
67%
19 韩正
67%
17 周永康
65%
20 李希
62%
20 丁薛祥
60%
11 李先念
59%
12 李先念
59%
18 张高丽
59%
11 陈云
58%
12 陈云
58%
16 吴邦国
57%
17 吴邦国
57%
16 贾庆林
54%
17 贾庆林
54%
18 俞正声
51%
18 张德江
47%
17 贺国强
46%
16 李长春
45%
17 李长春
45%
18 刘云山
45%
16 曾庆红
43%
16 黄菊
42%
13 李瑞环
40%
14 李瑞环
40%
15 李瑞环
40%
13 乔石
37%
14 乔石
37%
13 宋平
36%
11 汪东兴
34%
16 吴官正
32%
16 罗干
32%
13 胡启立
31%
15 李岚清
29%
13 姚依林
27%
14 刘华清
26%
15 尉健行
24%
No matching quizzes found
Score Distribution
Percent of People with Each Score
Percentile by Number Answered
Your Score History
You have not taken this quiz